Двенадцатый директор: о профессоре К. Н. Шмаргунове, бывшем ректоре ТИИ; Томский политехник; Вып. 7

Podrobná bibliografie
Parent link:Томский политехник: ежегодный журнал/ Томский политехнический университет (ТПУ), Ассоциация выпускников.— , 1995-
Вып. 7.— 2001.— [С. 99-100]
Hlavní autor: Куцепаленко В. Ф. Василий Федорович
Shrnutí:Заглавие с титульного листа
Электронная версия печатной публикации
Jazyk:ruština
Vydáno: 2001
Edice:Они определяют политику вуза
Témata:
On-line přístup:Цветная версия без потери качества
Médium: MixedMaterials Elektronický zdroj Kapitola
KOHA link:https://koha.lib.tpu.ru/cgi-bin/koha/opac-detail.pl?biblionumber=191327

MARC

LEADER 00000nla2a2200000 4500
001 191327
005 20231101224338.0
035 |a (RuTPU)RU\TPU\book\208605 
035 |a RU\TPU\book\208587 
090 |a 191327 
100 |a 20110204d2001 km y0rusy50 ca 
101 0 |a rus 
102 |a RU 
135 |a drnn ---uucaa 
181 0 |a i  
182 0 |a b 
200 1 |a Двенадцатый директор  |b Электронный ресурс  |e о профессоре К. Н. Шмаргунове, бывшем ректоре ТИИ  |f В. Ф. Куцепаленко 
203 |a Текст  |c электронный 
215 |a 1 файл (4.6 Мб) 
225 1 |a Они определяют политику вуза 
230 |a Электронные текстовые данные (1 файл : 4.6 Мб) 
300 |a Заглавие с титульного листа 
300 |a Электронная версия печатной публикации 
337 |a Adobe Reader 
461 1 |0 (RuTPU)RU\TPU\book\202435  |t Томский политехник  |o ежегодный журнал  |f Томский политехнический университет (ТПУ), Ассоциация выпускников  |d 1995- 
463 1 |0 (RuTPU)RU\TPU\book\208277  |t Вып. 7  |v [С. 99-100]  |d 2001  |p 208 с. 
600 1 |a Шмаргунов  |b К. Н.  |c российский геолог  |c двенадцатый директор Томского индустриального института, профессор  |f 1902-1953  |g Константин Николаевич  |y Томск  |2 stltpush  |3 (RuTPU)RU\TPU\pers\13897  |9 4400 
601 0 2 |a Томский индустриальный институт (ТИИ)  |c (1934-1944)  |2 stltpush  |3 (RuTPU)RU\TPU\col\9243 
610 1 |a профессора 
610 1 |a выпускники ТПУ 
610 1 |a инженеры-механики 
610 1 |a директора 
610 1 |a ректоры 
610 1 |a российские ученые 
610 1 |a деятельность 
610 1 |a биографии 
610 1 |a труды учёных ТПУ 
610 1 |a электронный ресурс 
700 1 |a Куцепаленко  |b В. Ф.  |c доцент Томского политехнического института, кондидат технических наук  |c выпускник горного факультета Томского политехнического института (1946)  |c специалист по исследованию работы шахтных подъемных канатов  |f 1914-2001  |g Василий Федорович  |2 stltpush  |3 (RuTPU)RU\TPU\pers\19140 
801 1 |a RU  |b 63413507  |c 20101101 
801 2 |a RU  |b 63413507  |c 20110413  |g RCR 
856 4 |u http://www.lib.tpu.ru/fulltext/v/Tomsk_polytechnic/2001/N7a33_full.pdf  |z Цветная версия без потери качества 
942 |c CF